01087nas a2200265Ia 4500001001100000003000900011008004100020040001300061040001300074041001300087100004400100210001200144222001200156245009200168250001100260260002200271501008600293300001800379362003100397500026000428650004300688700002000731700001700751700005300768R142/E8282IT-RoPAU151124c99999999xx |||||||||||| ||und|| aIT-RoPAU cIT-RoPAU aFRANCESE aMalone ThomasgCodice Aut. SPICS: 49354 aRESEAUX aReseaux aRESEAUX, N.084 (LUGLIO/AGOSTO 1997)bMarches Electroniques Et Hierarchies Electroniques a1a ed. aPARISbCNETc1997 bPaulus - SPICS - Società San Paolo EM (non-commercial uses only)cCopyright2015 a25 p. [21-45] aN.084 (LUGLIO/AGOSTO 1997) aMercati e Gerarchie Elettronici. Definizione di Mercato e della Gerarchia.Costi Relativi al Mercato e Alla Gerarchia. Evoluzioni Storiche Delle Strutture di Mercato. Emergenza dell'Interconnessione Elettronica. Oscillazionedella Gerarchia Verso il Mercato aCOMUNICAZIONEvPUBBLICAZIONE PERIODICA aBenjamin Robert aYates Joanne gCodice Aut. SPICS: 49355Codice Aut. SPICS: 49356